La Organización del desgobierno / Alejandro Nieto
ISBN:
84-344-1024-9
Descripción Física:
192 p. ; 20 cm
Colección:
Ariel ; 25
MARC
| LEADER | 00000nam a2200000Ia 4500 | ||
|---|---|---|---|
| 001 | 18361 | ||
| 008 | 160829s1984 xx 000 0 cat d | ||
| 020 | |a 84-344-1024-9 | ||
| 080 | |a M-5-305 | ||
| 100 | |a Nieto, Alejandro |9 23459 | ||
| 245 | |a La Organización del desgobierno / Alejandro Nieto | ||
| 260 | |a Barcelona : |b Ariel, |c 1984 | ||
| 300 | |a 192 p. ; |c 20 cm | ||
| 490 | |a Ariel ; 25 | ||
| 610 | 0 | |a Espanya. |x Política i govern |9 9716 | |
| 650 | 0 | |a Administració pública |z Espanya |9 19075 | |
| 901 | |a Arxiu | ||
| 942 | |n 1 | ||
| 952 | |0 0 |1 0 |4 0 |6 M5305 |7 1 |9 42714 |a Arxiu |b Arxiu |d 2016-12-01 |l 0 |o M-5-305 |p 18361 |r 2016-12-01 00:00:00 |w 2016-12-01 |y ARXIU | ||
| 999 | |c 45220 |d 45220 | ||